<?xml version="1.0" encoding="UTF-8"?><?xml-stylesheet type="text/xsl" href="static/style.xsl"?><OAI-PMH xmlns="http://www.openarchives.org/OAI/2.0/" xmlns:xsi="http://www.w3.org/2001/XMLSchema-instance" xsi:schemaLocation="http://www.openarchives.org/OAI/2.0/ http://www.openarchives.org/OAI/2.0/OAI-PMH.xsd"><responseDate>2026-04-17T03:11:48Z</responseDate><request verb="GetRecord" identifier="oai:www.recercat.cat:2445/174402" metadataPrefix="marc">https://recercat.cat/oai/request</request><GetRecord><record><header><identifier>oai:recercat.cat:2445/174402</identifier><datestamp>2025-11-19T11:00:18Z</datestamp><setSpec>com_2072_1057</setSpec><setSpec>col_2072_478821</setSpec><setSpec>col_2072_478917</setSpec></header><metadata><record xmlns="http://www.loc.gov/MARC21/slim" xmlns:dcterms="http://purl.org/dc/terms/" xmlns:xsi="http://www.w3.org/2001/XMLSchema-instance" xmlns:doc="http://www.lyncode.com/xoai" xsi:schemaLocation="http://www.loc.gov/MARC21/slim http://www.loc.gov/standards/marcxml/schema/MARC21slim.xsd">
   <leader>00925njm 22002777a 4500</leader>
   <datafield ind2=" " ind1=" " tag="042">
      <subfield code="a">dc</subfield>
   </datafield>
   <datafield ind2=" " ind1=" " tag="720">
      <subfield code="a">Rubio Roy, Miguel</subfield>
      <subfield code="e">author</subfield>
   </datafield>
   <datafield ind2=" " ind1=" " tag="720">
      <subfield code="a">Corbella Roca, Carles</subfield>
      <subfield code="e">author</subfield>
   </datafield>
   <datafield ind2=" " ind1=" " tag="720">
      <subfield code="a">Andújar Bella, José Luis</subfield>
      <subfield code="e">author</subfield>
   </datafield>
   <datafield ind2=" " ind1=" " tag="720">
      <subfield code="a">Bertrán Serra, Enric</subfield>
      <subfield code="e">author</subfield>
   </datafield>
   <datafield ind2=" " ind1=" " tag="260">
      <subfield code="c">2021-02-26T10:01:13Z</subfield>
   </datafield>
   <datafield ind2=" " ind1=" " tag="260">
      <subfield code="c">2021-02-26T10:01:13Z</subfield>
   </datafield>
   <datafield ind2=" " ind1=" " tag="260">
      <subfield code="c">2011-04-26</subfield>
   </datafield>
   <datafield ind2=" " ind1=" " tag="520">
      <subfield code="a">The peculiar electronic configuration of carbon atoms, 1s2 2s2 2p2, and the small energy&#xd;
difference between their 2p and 2s orbitals, compared to the binding energy of the carbon&#xd;
bonds, allow the electrons to rearrange in s and p mixed orbitals that enhance the binding&#xd;
energy with other atoms. This process is called hybridization and produces three different&#xd;
types of orbitals: sp = s + p, sp2 = s + p + p and sp3 = s + p + p + p.&#xd;
Each different bonding state corresponds to a certain structural arrangement: sp bonding&#xd;
gives rise to chain structures (with two σ bonds and two π bonds), sp2 bonding conforms&#xd;
onto planar structures (three σ bonds and one π bond) and finally sp3 bonding produces&#xd;
tetrahedrical structures (four σ bonds). The p orbitals that form π bonds overlap less than the&#xd;
orbitals forming σ bonds. The reduced overlapping makes π bonds weaker than σ bonds.&#xd;
However, a number of scenarios are possible. Sometimes, as in ethene (C2H4), a σ and π&#xd;
bond combine producing a stronger bond between carbon atoms. This is called a double&#xd;
bond: C=C. Triple bonds consist of a σ bond and two π bonds, as in ethyne (C2H2). Although&#xd;
chemically stronger thanks to double bonds, the mechanical stability obtained with sp2&#xd;
hybridization in solids is limited, due to the planar geometry. Instead, sp3 hybridization&#xd;
allows the creation of a three dimensional network of σ bonds.</subfield>
   </datafield>
   <datafield tag="653" ind2=" " ind1=" ">
      <subfield code="a">Tribologia</subfield>
   </datafield>
   <datafield tag="653" ind2=" " ind1=" ">
      <subfield code="a">Pel·lícules fines</subfield>
   </datafield>
   <datafield tag="653" ind2=" " ind1=" ">
      <subfield code="a">Tribology</subfield>
   </datafield>
   <datafield tag="653" ind2=" " ind1=" ">
      <subfield code="a">Thin films</subfield>
   </datafield>
   <datafield ind2="0" ind1="0" tag="245">
      <subfield code="a">Tribological Properties of Fluorinated Amorphous Carbon Thin Films</subfield>
   </datafield>
</record></metadata></record></GetRecord></OAI-PMH>